Afcet colloque sun le desveloppement..

محفوظ في:
التفاصيل البيبلوغرافية
التنسيق: كتاب
منشور في: Pari. 1987
الموضوعات:
الوسوم: إضافة وسم
لا توجد وسوم, كن أول من يضع وسما على هذه التسجيلة!
Thư viện lưu trữ: Mạng thư viện Đại học Đà Nẵng
LEADER 00803nam a22002531a 4500
001 000036551
003 12846
005 20221205160901.0
008 160408s1987 000
020 |a 2903677328 
082 |a 448  |b AF-C 
245 0 |a Afcet colloque sun le desveloppement.. 
260 |c 1987  |a Pari. 
300 |a 377tr. : ;  |c 26cm. 
653 |a Afcet  |a developpement. 
OWN |a LNN 
AVA |a UDN50  |b LNN  |c French  |d 448AF-C  |e available  |t Error 5001 Not defined in file expand_doc_bib_avail.  |f 1  |g 0  |h N  |i 0  |j PN 
999 |a From the UDN01 
AVA |a UDN50  |b LNN  |c French  |d 448AF-C  |e available  |t Error 5001 Not defined in file expand_doc_bib_avail.  |f 1  |g 0  |h N  |i 0  |j PN 
TYP |a Monograph 
980 |a Mạng thư viện Đại học Đà Nẵng